Tvorivá vedecko-technická práca a jej motivácia k hospodárskym výsledkom

Bibliographic Details
Main Author: Ďurkovič, Herbert, 1928-2007 (Author)
Format: Article
Language:Slovak
Subjects:

MARC

LEADER 00000nab a2200000 a 4500
001 vtls000280643
003 SK-MaSNL
005 20260302220741.0
008 111202c1986 xo 0 slo
015 |a SNBRA19rr/mm-uuuuu 
035 |a CL0290761 
040 |a SNKBUCL  |b slo  |c SNKBUCL  |e AACR2 
041 0 |a slo 
044 |a xo  |c SK 
080 |a 331.021.4:330.341.1  |2 1981 
080 |a 330.341.1  |2 1981 
100 1 |a Ďurkovič, Herbert,  |d 1928-2007  |4 aut  |9 39104 
245 1 0 |a Tvorivá vedecko-technická práca a jej motivácia k hospodárskym výsledkom  |c H. Ďurkovič 
650 0 7 |a práca technická tvorivá  |2 snkbucl  |9 945681 
655 7 |a články zo zborníkov  |2 snkbucl  |9 166140 
773 0 |t Prednosti rozvinutého socializmu pri prekonávaní ekonomických, sociálnych a právnych bariér technickej tvorivej práce  |d Bratislava : Dom techniky ČSVTS, 1986 
850 |a Slovenská národná knižnica v Martine  |a MTA001 
852 |a SNK  |b KIS3GCP 
958 |a RK 
992 |a RZB 
999 |c 1508421  |d 1510351